Word Ladder: Futurama Doctor Quiz Stats

 Plays Quiz Updated Sep 19, 2016

Challenge
Share
Tweet
Embed
Score 0/20 Timer 02:00
3 Plays Today
Clue 4-Letter Word % Correct
Only son of Homer and Marge SimpsonBART
97.1%
Color of a cartoon pantherPINK
95.9%
What worms are used for in fishingBAIT
95.5%
Where a hockey game is playedRINK
95.4%
Commonly served beer sizePINT
95.2%
Where a boxing match is heldRING
95.1%
The metal portion of a train trackRAIL
93.5%
Google's search engine competitor BING
92.9%
Heavy breathPANT
92.1%
Don't put the horse before thisCART
92.1%
Clue 4-Letter Word % Correct
Use a bucket to remove boat waterBAIL
92%
Kanye West song: '___ Tell Me Nothing'CAN'T
91.8%
Ernie's 'Sesame Street' roommateBERT
91.2%
Actor Lancaster or ReynoldsBURT
89.5%
A pre-coordinated attack or sweepRAID
88.6%
A light tap with a baseball batBUNT
87.9%
A cask stopperBUNG
84.1%
Slang for an illegal muscle enhancerROID
82.5%
* ___[last rung] Planet Express doctor **ZOID*
51.6%
* 'Why not [first rung]___?' **BERG*
49.1%

Today's Daily Dose

You're not logged in!

Compare scores with friends on all Sporcle quizzes.
OR
Log In

You Might Also Like...

Show Comments

Extras

Top Quizzes Today


Score Distribution

Your Account Isn't Verified!

In order to create a playlist on Sporcle, you need to verify the email address you used during registration. Go to your Sporcle Settings to finish the process.

Report this User

Report this user for behavior that violates our Community Guidelines.

Details: